000 00414nam a22001697a 4500
999 _c3725
_d3724
005 20211203102833.0
008 160623b xxu||||| |||| 00| 0 eng d
020 _a978-81-265-3487-6
041 _aeng
082 _b9455
100 _aNag, Debabarata and Chanda, Abhijit
_92609
245 _aStrength of Materials
260 _bWiely
_c2012
300 _a740
650 _aDiploma Engineering
_9817
942 _cBK